| 000 | 00906nas a2200277 4500 | ||
|---|---|---|---|
| 001 | BR2012009166 | ||
| 003 | BR-BrBNA | ||
| 005 | 20231205121549.0 | ||
| 007 | ta | ||
| 008 | 230509b bl.|||p| |||| 00| 00por d | ||
| 040 |
_aBR-BrBNA _bpor _cBiblioteca Nacional de Agricultura |
||
| 041 | _a(Pt) | ||
| 072 | _aF04; F62 | ||
| 100 | 1 | _aMorais, M.B. de | |
| 100 | 1 | _aCamara, T.R. | |
| 100 | 1 | _aWilladino, L. | |
| 245 | 1 | _aCrescimento de genótipos diplóides de bananeira submetidos ao estresse salino | |
| 650 | _aMUSA SP | ||
| 650 | _aANÁLISE FOLIAR | ||
| 650 | _aBIOMASSA | ||
| 650 | _aTAXA DE CRESCIMENTO | ||
| 773 | 0 |
_tRevista Brasileira de Engenharia Agrícola e Ambiental (Brazil) _xISSN 1807-1929 _g(Nov-2012), v.16(11) p. 1145-1151 _wBR2012009166 |
|
| 856 | 4 | 0 | _uhttp://www.agriambi.com.br/revista/v16n11/v16n11a01.pdf |
| 909 |
_a202311 _bLúcia _c55 _dLúcia Elande |
||
| 942 |
_2AGRIS _n0 _cANA |
||
| 999 |
_c224142 _d224142 |
||